| Registos Bibliográficos associados ao registo de autoridade |
|
Etiqueta de registo: 00000nam 2200025 450 001 2285773 003 http://id.bnportugal.gov.pt/bib/catbnp/2285773 100 ## $a20260505d2026 k y0pory01030103ba 101 0# $apor$deng 102 ## $aPT 105 ## $aa m 000yy 106 ## $ar 200 1# $aOrientação educacional$edesafios dos egressos de pedagogia para inserção no mercado de trabalho$fMabel Ribeiro Petrucci$gorient. Ana Paula Pereira Marques 210 #9 $a[S.l.$cs.n.],$d2026 215 ## $aXIV, 300 p.$cil.$d30 cm 328 #1 $aTese dout. Sociologia, Instituto de Ciências Sociais, Universidade do Minho, 2026 700 #1 $aPetrucci,$bMabel Ribeiro$31997694 702 #1 $aMarques,$bAna Paula Pereira,$f1962-$4727$3212704 801 #0 $aPT$bBN$gRPC 966 ## $lBN$mFGMON$x1 971 ## $corlando$d20260505
|
|
|